MARC

LEADER 00000nam0a2200000 4500
001 283515
005 20231101235614.0
020 |a RU  |b 85-10496 
035 |a (RuTPU)RU\TPU\book\307615 
090 |a 283515 
100 |a 20150207d1984 k y0rusy5003 ca 
101 0 |a rus 
102 |a UZ 
105 |a a z 001zy 
200 1 |a Геодезическое обеспечение строительства  |e сборник научных трудов  |f Ташкентский политехнический институт им. А. Б. Беруни (ТашПИ) ; под ред. Н. М. Нишанбаева 
210 |a Ташкент  |c Изд-во ТашПИ  |d 1984 
215 |a 76 с. 
320 |a Библиогр. в конце ст. 
606 |a Геодезические работы на строительстве  |2 stltpush  |3 (RuTPU)RU\TPU\subj\5991  |9 33965 
610 1 |a нормальные уравнения 
610 1 |a теодолиты 
610 1 |a точность 
610 1 |a теория Ляпунова 
610 1 |a конические сооружения 
610 1 |a подземные коммуникации 
610 1 |a съемка 
610 1 |a сжатые колонны 
610 1 |a прочность 
675 |a 69:528  |v 3 
702 1 |a Нишанбаев  |b Н. М.  |4 340 
712 0 2 |a Ташкентский политехнический институт им. А. Б. Беруни (ТашПИ)  |2 stltpush  |3 (RuTPU)RU\TPU\col\6741 
801 0 |a RU  |b RuMRKP  |c 19950704  |g psbo 
801 1 |a RU  |b 63413507  |c 20150207 
801 2 |a RU  |b 63413507  |c 20170901  |g RCR 
942 |c BK